000 00716nam a2200205 i 4500
001 117789
003 ES-MaACL
005 20251015063117.0
007 t|
008 070214s1947 sp r ||||1| spa d
100 1 _aPapini, Giovanni,
_d1881-1956
_988874
245 1 0 _aCartas del Papa Celestino VI a los hombres
_b: traducidas y publicadas por primera vez /
_cGiovanni Papini ; versión española de Carlos Povo Domingo.
260 _aMadrid :
_b[Benzal],
_c1947.
300 _a269 p. ;
_c21 cm.
650 0 4 _aApologética.
_99921
650 7 _aIglesia y problemas sociales
_2embne
_913569
700 1 _aPovo Domingo, Carlos.
_993493
852 _aES-MaACL
_jC-4170
_bR.24070
999 _c117789
_d117789